00303 2200133 4500001002100000005001500021035002000036245004300056300000700099260003100106082000800137084001200145990001200157INLIS00000000000261220250605023600 a0010-0625000198 aTerampil Bermain Drama /cAsul Wiyanto a82 aJakarta :bGrasindo,c2002 a400 a400 TER a0320338